| 000 | 00574nam a22001817a 4500 | ||
|---|---|---|---|
| 003 | OSt | ||
| 005 | 20160602162403.0 | ||
| 008 | 160602b xxu||||| |||| 00| 0 eng d | ||
| 010 | _a2005008717 | ||
| 020 | _a 9780764571985 (paper/website) 0764571982 (paper/website) | ||
| 040 | _cn/a | ||
| 050 |
_aQA76.73 _b.B3 S83397 2005 |
||
| 100 |
_aStephens,Rod _d1961- |
||
| 245 |
_aVisual Basic 2005 programmer's reference / _cRod Stephens. |
||
| 260 |
_a Indianapolis, IN : _bWiley Pub., _c c2005. |
||
| 300 |
_axxxiii, 1022 p. : _b ill. ; _c 24 cm. |
||
| 942 |
_2lcc _cREF |
||
| 999 |
_c254331 _d254330 |
||